000 00412cam a2200181ua 4500
020 _c4.00
041 0 _ahin
082 _a891.54
_bMAM/AC
100 _aMama, Varerkar .
245 _aAchutha Pyar /
_cMama Varerkar.
_hTextual Documents
250 _a1 /
_b.
260 _a :
_bRajpal and Sanch ,
_c1960.
300 _a263 ; .
365 _a4.00
504 _a
942 _cBK
999 _c6426
_d6426